| 000 | 00450nam a2200193Ia 4500 | ||
|---|---|---|---|
| 008 | 170918s9999 xx 000 0 und d | ||
| 020 | _a9780099740919 | ||
| 050 | _bA887 1985 | ||
| 100 | _aAtwood, Margaret | ||
| 245 | 4 | _aThe handmaid's tale / | |
| 245 | _cMargaret Atwood. | ||
| 260 | _aLondon : | ||
| 260 | _bVintage, | ||
| 260 | _c1985 | ||
| 300 | _a324 pages : | ||
| 300 | _bcolored illustration ; | ||
| 300 | _c20cm. | ||
| 500 | _a720 | ||
| 999 |
_c342021 _d342021 |
||